000 00556nab a2200145Ia 4500
003 ES-SlBCS
005 20210601131922.0
008 140529s2000 xxu||||| |||| 00| 0 ger d
041 _ager
100 1 _aJutte, Wolfgang
_9190129
245 0 0 _aMultimediales Lernen als Anforderung zukunftsorientierter Erwachsenenbildung (Los nuevos medios como exigencias para la educación de adultos orientada hacia el futuro)
_c Wolfgang Jutte
650 0 4 _aEducación de Adultos
_9128539
773 0 _tEducacion XXI
_gnº. 3, 2000, págs. 263-284
_wRev1172
942 _cAR
999 _c571070
_d571070